LIBRARY & INFORMATION CENTRE, KCAET, TAVANUR

ONLINE PUBLIC ACCESS CATALOGUE (OPAC)

Design of Agricultural Tractor (Principles and problems) (Record no. 14839)

MARC details
000 -LEADER
fixed length control field 00355nam a22001457a 4500
020 ## - INTERNATIONAL STANDARD BOOK NUMBER
ISBN 9788183601733
082 ## - DEWEY DECIMAL CLASSIFICATION NUMBER
Classification number 631.372
Item number SHA/DE
100 ## - MAIN ENTRY--AUTHOR NAME
Personal name Sharma,D.N
245 ## - TITLE STATEMENT
Title Design of Agricultural Tractor (Principles and problems)
250 ## - EDITION STATEMENT
Edition statement 3
260 ## - PUBLICATION, DISTRIBUTION, ETC. (IMPRINT)
Place of publication New Delhi
Name of publisher Jain Brothers
Year of publication 2016
300 ## - PHYSICAL DESCRIPTION
Number of Pages 368
700 ## - ADDED ENTRY--PERSONAL NAME
Personal name Mukesh, S
942 ## - ADDED ENTRY ELEMENTS (KOHA)
Koha item type Books
Holdings
Withdrawn status Lost status Damaged status Collection code Home library Current library Shelving location Date acquired Source of acquisition Cost, normal purchase price Full call number Accession Number Koha item type
        KAUAET KAUAET General Stacks 30/03/2017 Neoti book Agency 275.00 631.372 SHA/DE 25317 Books
        KAUAET KAUAET General Stacks 30/03/2017 Neoti book Agency 275.00 631.372 SHA/DE 25318 Books
        KAUAET KAUAET General Stacks 30/03/2017 Neoti book Agency 275.00 631.372 SHA/DE 25319 Books
free website counter